000 00753 a2200217 4500
001 59038
005 20260407155845.0
008 260407a1994 arg spa d
003 AR-UNSa-BCEJYS
040 _aAR-UNSa-BCEJYS
_bspa
_cAR-UNSa-BCEJYS
080 _a342.4
_xConstituciones. Asambleas legislativas. Asambleas nacionales (Reforma...)
245 1 0 _aConstitución de la Nación Argentina
020 _a950-572-278-8
264 1 _aBuenos Aires :
_bVíctor P. de Zavalía
_c1994
300 _a290 p.
_c20 cm.
041 _aspa
942 _cBK
590 _aniveau_biblio:m niveau_hierar:0
100 1 _aArgentina [Constitucion Nacional]
856 4 1 _uhttps://www.biblioeco.unsa.edu.ar/pmb/images/libros/L128933.jpg
_yImagen de portada
_qimage/jpeg
999 _c6587
_d6587